| 000 | 00659nam a2200253Ia 4500 | ||
|---|---|---|---|
| 003 | OSt | ||
| 005 | 20220918224727.0 | ||
| 006 | a|||||r|||| 00| 0 | ||
| 007 | ta | ||
| 008 | 220917b |||||||| |||| 00| 0 eng d | ||
| 024 | _a233,795 | ||
| 037 | _cTextual | ||
| 040 |
_aARTS _cARTS _beng |
||
| 041 |
_2eng _aeng |
||
| 082 | _aP44, K8 | ||
| 110 |
_aLinguistics Society of India _9148785 |
||
| 245 | 0 | _aWinter seminar in linguistics | |
| 260 |
_aPoona _bDeccan India _c1968 |
||
| 300 |
_a65p _ccm. |
||
| 650 | _aLINGUISTICS | ||
| 700 |
_aLinguistics Society of India _9148786 |
||
| 942 |
_hP44, K8 _cTEXL _2CC |
||
| 999 |
_c282134 _d282134 |
||